000 00299nam a2200121Ia 4500
008 231129s9999||||xx |||||||||||||| ||spa||
040 _bspa
082 _aR 780.9 M534m
100 _aMenuhin Yehudi
245 0 _aLa musica del hombre
264 _aFondo Educativo Interamericano
942 _2ddc
_cBKS
999 _c17705
_d17705